000 00605nam a2200229Ia 4500
003 OSt
005 20221007070842.0
006 a|||||r|||| 00| 0
007 ta
008 221006b |||||||| |||| 00| 0 eng d
024 _a14,736
037 _cTextual
040 _aFLL
_cFLL
_beng
041 _2eng
_aeng
082 _aX:9.2.N7, L6
100 _aMongia J.N. Au.
_9687836
245 0 _aIndian labour and scoial welfare
260 _aJaipur
_bAtma Ram India
_c1976
300 _axix,304p
_ccm.
942 _hX:9.2.N7, L6
_cTEXL
_2CC
999 _c1141735
_d1141735